Minecraft Items: Armor Trims - Statistics

General Stats
  • This quiz has been taken 44 times
  • The average score is 12 of 18
Answer Stats
Answer % Correct
Silence
90%
Ward
86%
Rib
81%
Spire
81%
Coast
76%
Eye
76%
Snout
76%
Vex
76%
Bolt
71%
Dune
71%
Flow
71%
Wild
62%
Tide
57%
Wayfinder
57%
Raiser
48%
Shaper
48%
Sentry
43%
Host
38%
No matching quizzes found
Score Distribution
Percent of People with Each Score
Percentile by Number Answered
Your Score History
You have not taken this quiz